00878nam a2200241 450000100060000000300090000600500170001500700060003200800300003802000150006804000250008308200270010810000300013524501920016526000470035730000220040450000750042665000310050165000270053265000130055970000260057270000380059801465DO-SdBPM20250609124122.001465160602b 2000 |||| 00| 0 spa d a9580457522 aDO-SdBPMbspacBPMSU 4a658.84bW562c 20002221 a Wheeler, Steven d1958-14aLos canales de distribución :b cómo las compañías líderes crean nuevas estrategias para servir a los clientes /cSteven Wheeler y Evan Hirsh ; traducción Margarita Cárdenas aBarcelona : bGrupo Editorial Norma,c2000 a214 p. ;c25 cm.  aA la cabeza de la portada : Si el producto ya no es el rey, ¿quién? 4aAdministración de ventas 4aAnálisis de mercado. 4aMercadeo1 aHirsh, Evand1956-e 1 aCárdenas, Margaritaetraductor